01081nam a22002057a 4500003000800000008004100008037002000049040003500069041000800104080001300112100002900125245017900154260009600333300002300429502017200452650009800624650009800722655002300820700003200843BI-BuBU260319b2026 bd fr|||| 000 0 fre d bDon de l'auteur aBI-BuBUbfrecBI-BuBUdBI-BuBU0 afre a336.748.1 4aut.aNambazimana, Oscar10aAnalyse des effets du taux de change et de l'inflation sur la croissance économique en Afrique subsaharienne(2004-2023)cOscar Nambazimana ; Jean Petit Sinamenye, directeur aBujumburabUniversité du Burundi, Faculté des Sciences Economiques et de Gestion c2025 aXII-136 f.c30 cm. aMémoire présenté et défendu publiquement en vue de l'obtention du diplôme de Master en analyse économique et développement. Option : Analyse économique 72BI-BuBUaTaux de changexCroissance économiquexInflationy2004-2023zAfrique Subsaharienne 72BI-BuBUaCroissance économiquexTaux de changexInflationyAfrique Subsahariennez2004-2023 72BI-BuBUbMémoire1 4dir.aSinamenye, Jean Petit